Centuries Lyrics - By Fall Out Boy - Statistics

General Stats
  • This quiz has been taken 257 times
  • The average score is 48 of 65
Answer Stats
Hint Answer % Correct
Hey Hey Hey Remember
100%
Hey Hey Hey Chorus
99%
Remember Me For ________ Centuries
98%
Remember Me For _______ Centuries
98%
Remember Me For ________ Centuries
98%
Remember Me For ________ Centuries
98%
Remember __ For Centuries Me
98%
Remember __ For Centuries Me
98%
Remember __ For Centuries Me
98%
Remember __ For Centuries Me
98%
Some Turn To ____ Or To Gold Dust
97%
We'll Go Down In _______ History
96%
We'll Go Down In ______ History
96%
Some _______ Are Told Legends
96%
Some _______ Are Told Legends
96%
But You Will _________ Me Remember
96%
Is All It Will ____ Take
94%
Is All It Will ____ Take
94%
And Just One _______ Mistake
91%
Remember Me ___ Centuries For
86%
Remember Me ___ Centuries! For
86%
Remember Me ___ Centuries For
86%
Remember Me ___ Centuries For
86%
We'll __ Down In History Go
83%
No, It's ________ Wrong With Me Nothing
83%
____ Legends Are Told Some
82%
____ Legends Are Told Some
82%
___ Just One Mistake Is All It Will Take And
79%
___ Just One Mistake And
79%
Mummified My _______ Dreams Teenage
79%
Some Turn To Dust Or To ____ Gold
78%
___ You Will Remember Me But
76%
___ You Will Remember Me But
76%
'Til The Whole _____ Knows My Name World
75%
Some ____ To Dust Or To Gold Turn
74%
Some ____ To Dust Or To Gold Turn
74%
Come On, ____ __ And Let Me In Come On
73%
But ___ Will Remember Me You
73%
Is ___ It Will Take All
72%
____ Go Down In History We'll
72%
And ___ One Mistake Just
69%
The ____ Are All Wrong Kids
69%
We've ____ Here Forever Been
67%
But You're Gone So ____ Soon
65%
You're A _____ Blossom Cherry
64%
You're _____ To Bloom About
63%
We'll Go ____ In History Down
63%
I Never Meant For You To ___ Yourself! Fix
62%
__ All It Will Take Is
61%
You ____ So Pretty Look
61%
Like My _________ Fingerprints
57%
The _____ On Your Thighs Bruises
50%
And I Can't ____ Stop
49%
'Cause I Am The Opposite Of ________ Amnesia
48%
'Cause I Was Only ____ Born
46%
Inside My _____ Dreams
46%
The Story's All ___ Off
46%
I Could _____ Forever Scream
46%
We Are The _______ Youth Poisoned
44%
As Long As Their Is A _____ Light
42%
The _______ That You Felt Darkness
36%
My _______ Over You Shadow's
36%
Until You ___ For Me Die
31%
And Here's The Frozen _____ Proof
27%
And This Is ________ To Match Supposed
18%
No matching quizzes found
Score Distribution
Percent of People with Each Score
Percentile by Number Answered
Your Score History
You have not taken this quiz